| 000 | 01156nam a2200205Ia 4500 | ||
|---|---|---|---|
| 003 | Ost | ||
| 005 | 20260507075657.0 | ||
| 008 | 260507s9999||||xx |||||||||||||| ||und|| | ||
| 040 | _cfsecg | ||
| 041 | _aara | ||
| 082 | _a657.42 | ||
| 100 |
_aمحمد محرم، زينات _eمؤلف |
||
| 245 | 0 |
_aأصول محاسبة التكاليف / _c زينات محمد محرم |
|
| 260 |
_aالاسكندرية: _bالدار الجامعية, _c2005 |
||
| 300 |
_a440 صفحة؛ _bإيضاحات ؛ _c24 سم |
||
| 520 | _aمحاسبة التكاليف ودور محاسب التكاليف في التنظيم، مفاهيم وأسس قياس التكلفة، تدفق التكاليف والقوائم المالية والتقارير الداخلية، نظام تكاليف الأوامر في قطاع الخدمات، نظام تكاليف الأوامر في قطاع الصناعة، تخصيص التكاليف الصناعية غير المباشرة، نظام التكاليف على أساس الأنشطة. | ||
| 653 | _aمحاسبة التكاليف | ||
| 700 |
_aالجمال، محمد رشيد _eمؤلف ثانوي |
||
| 942 | _cكتاب | ||
| 999 |
_c45739 _d45739 |
||